00285nam a2200121Ia 4500008004100000041000800041082001400049100001500063245002200078260002700100300001900127999001700146241015s9999 xx 000 0 und d aeng a158.1 SHE aJay Shetty aThink Like A Monk bHarperaNew Yorkc2020 a328;. P. 22 cm c41662d41662